[Event "Amager Aabne CC-ch"]
[Site "Amager"]
[Date "2012.02.07"]
[Round "3"]
[White "Lunding, Peter M"]
[Black "Foss, Kim"]
[Result "1/2-1/2"]
[WhiteElo "1945"]
[BlackElo "1472"]
[PlyCount "49"]
[EventDate "2012.01.10"]
[EventType "swiss"]
[EventRounds "7"]
[EventCountry "DEN"]
[SourceTitle "EXT 2023"]
[Source "ChessBase"]
[SourceDate "2022.10.05"]
[SourceVersion "1"]
[SourceVersionDate "2022.10.05"]
[SourceQuality "1"]

1. d4 e6 2. c4 Nf6 3. Nc3 c5 4. Nf3 cxd4 5. Nxd4 Nc6 6. e3 Be7 7. Be2 0-0 8. 0-0 a6 9. a3 b6 10. b3 Bb7 11. Bf3 Qc7 12. Bb2 Rfd8 13. Nxc6 Bxc6 14. Rc1 Qb7 15. Bxc6 dxc6 16. Qe2 Rd7 17. Rfd1 Rad8 18. Rxd7 Rxd7 19. Rd1 b5 20. Rxd7 Qxd7 21. f3 Ne8 22. cxb5 cxb5 23. Ne4 f5 24. Nf2 Bf6 25. Bxf6 1/2-1/2

[Event "Rodovre-ch C"]
[Site "Rodovre"]
[Date "2006.09.19"]
[Round "3"]
[White "Vestergaard, John"]
[Black "Foss, Kim"]
[Result "0-1"]
[WhiteElo "1362"]
[BlackElo "1293"]
[PlyCount "56"]
[EventDate "2006.09.05"]
[EventType "tourn"]
[EventRounds "7"]
[EventCountry "DEN"]
[SourceTitle "EXT 2023"]
[Source "ChessBase"]
[SourceDate "2022.10.05"]
[SourceVersion "1"]
[SourceVersionDate "2022.10.05"]
[SourceQuality "1"]

1. d4 d5 2. c4 e5 3. dxe5 d4 4. a3 a5 5. e3 Nc6 6. exd4 Qxd4 7. Qe2 Qxe5 8. Qxe5+ Nxe5 9. Be2 Bf5 10. Bf4 Nd3+ 11. Bxd3 Bxd3 12. Bxc7 Bxc4 13. Nd2 Bd3 14. Ngf3 Ra6 15. Nd4 Nf6 16. Rc1 Be7 17. Rc3 Bg6 18. 0-0 Nd5 19. Rcc1 0-0 20. Rfe1 Bf6 21. Be5 Bg5 22. N4f3 Bd8 23. Rc5 Ne7 24. Bc7 Nc6 25. Bxd8 Rxd8 26. Rb5 b6 27. Rc1 Na7 28. Rc7 Nxb5 0-1